Výskum vertikálneho a tímového vodcovstva v slovenských startupoch

Teoretické východiská vodcovstva v startupe. Povaha vertikálneho a tímového vodcovstva v startupe. Úroveň jednotlivých parametrov vertikálneho a tímového vodcovstva v startupoch. Analýza vývoja oboch druhov vodcovstva v závislosti od rozvoja podnikateľského nápadu startupu.

Gespeichert in:
Bibliographische Detailangaben
1. Verfasser: Ljudvigová, Ivana
Format: Buchkapitel
Sprache:Slowakisch
Schlagworte:
Tags: Tag hinzufügen
Keine Tags, Fügen Sie das erste Tag hinzu!

MARC

LEADER 00000nla a2200000 4500
001 0237932
005 20240502073840.3
041 0 |a slo 
044 |a SK 
245 1 0 |a Výskum vertikálneho a tímového vodcovstva v slovenských startupoch  |c Ivana Ljudvigová 
520 |a Teoretické východiská vodcovstva v startupe. Povaha vertikálneho a tímového vodcovstva v startupe. Úroveň jednotlivých parametrov vertikálneho a tímového vodcovstva v startupoch. Analýza vývoja oboch druhov vodcovstva v závislosti od rozvoja podnikateľského nápadu startupu. 
610 2 0 |a vodcovstvo 
610 2 0 |a lídri 
610 2 0 |a riadenie ľudských zdrojov 
610 2 0 |a start-up 
100 1 |a Ljudvigová, Ivana